Đất Bưởi ngàn xưa
Giới thiệu đất nước và con người. Đề cập đến di tích văn hóa lịch sử; lễ hội, phong tục tín ngưỡng dân gian; các nghề thủ công truyền thống; văn học dân gian.
Đã lưu trong:
| Tác giả chính: | |
|---|---|
| Định dạng: | Sách |
| Năm xuất bản: |
H.
Văn hoá thông tin
2011
|
| Chủ đề: | |
| Tags: |
Thêm thẻ
Không có thẻ, Hãy là người đầu tiên gắn thẻ bản ghi này!
|
| LEADER | 00803nam a2200169 4500 | ||
|---|---|---|---|
| 082 | |a 398.0959731 |b L250V | ||
| 100 | N | |a Lê Văn Kỳ | |
| 245 | |a Đất Bưởi ngàn xưa |c Lê Văn Kỳ, Vũ Văn Luân | ||
| 260 | |a H. |b Văn hoá thông tin |c 2011 | ||
| 300 | |a 279 tr. |c 21 cm. | ||
| 520 | |a Giới thiệu đất nước và con người. Đề cập đến di tích văn hóa lịch sử; lễ hội, phong tục tín ngưỡng dân gian; các nghề thủ công truyền thống; văn học dân gian. | ||
| 653 | |a Văn hoá dân gian | ||
| 653 | |a Hà Nội | ||
| 653 | |a Việt Nam | ||
| 942 | |2 ddc |c SH | ||
| 999 | |c 7837 |d 7837 | ||
| 952 | |0 0 |1 0 |2 ddc |4 0 |6 398_095973100000000_L250V |7 0 |8 300 |9 68838 |a qbu |b qbu |c D2 |d 2015-03-23 |g 54000 |o 398.0959731 L250V |p 8086.c1 |r 0000-00-00 |w 2015-03-23 |y SH |0 0 |6 398_095973100000000_L250V | ||